| 000 | 00360nam a2200145Ia 4500 | ||
|---|---|---|---|
| 008 | 150301s2013 xx 000 0 und d | ||
| 082 |
_a611 _bC13H |
||
| 100 | _aHANKIN, MARK H. | ||
| 245 | _aCLINICAL ANATOMY : A CASE STUDY APPROACH | ||
| 250 | _a1ST | ||
| 260 |
_bMC GRAW HILL _aNEW YORK _c2013 |
||
| 300 | _a420 | ||
| 650 | _aHUMAN ANATOMY | ||
| 942 |
_2ddc _cBK |
||
| 999 |
_c6731 _d6731 |
||